000 00423nam a2200145Ia 4500
008 100204s9999 xx 000 0 und d
082 _b8206
100 _aवाळिंबे शरदचंद्र्र
245 _aबेफाम
260 _b"दिलिप प्रकाशन , मुंबई"
_c1986
300 _a193
630 _aबेफाम
730 _aबेफाम
942 _cBOOK
999 _c452642
_d452639